000
00278nam a2200109Ia 4500
001
1262010
005
20260417140403.0
008
260417s9999 xx 000 0 und d
020
_a
9789752895737
245
0
_a
Bakır Çağı
_c
Melih Cevdet Anday
260
_b
Everest Yayınları
999
_c
1262010
_d
1262010